000 00536nam a2200217Ia 4500
003 OSt
005 20220926035313.0
006 a|||||r|||| 00| 0
007 ta
008 220923b |||||||| |||| 00| 0 eng d
037 _cGeneral Book
040 _aRTL
_cRTL
_beng
041 _2eng
_aeng
082 _aX:8K, H1
100 _aGillespie Cecil
245 0 _aIntroductory cost accounting
260 _c1941
650 _aCost Accounts
942 _hX:8K, H1
_cGB
_2CC
999 _c661888
_d661888